ARRUPE JESUIT UNIVERSITY

CORONAVIRUS -STOP THE SPREAD - CLEAN,DISINFECT,COVER

African socialism in practice : (Record no. 125326)

MARC details
000 -LEADER
fixed length control field 00978cam a2200313 i 4500
001 - CONTROL NUMBER
control field 1366139
003 - CONTROL NUMBER IDENTIFIER
control field ARRUPE
005 - DATE AND TIME OF LATEST TRANSACTION
control field 20160926092525.0
008 - FIXED-LENGTH DATA ELEMENTS--GENERAL INFORMATION
fixed length control field 801002s1979 enk b 001 0 eng
010 ## - LIBRARY OF CONGRESS CONTROL NUMBER
LC control number 80499514
015 ## - NATIONAL BIBLIOGRAPHY NUMBER
National bibliography number GB***
020 ## - INTERNATIONAL STANDARD BOOK NUMBER
International Standard Book Number 0851242707 (pbk.) :
Terms of availability £2.95
020 ## - INTERNATIONAL STANDARD BOOK NUMBER
International Standard Book Number 0851242693
040 ## - CATALOGING SOURCE
Original cataloging agency DLC
Transcribing agency DLC
Modifying agency DLC
043 ## - GEOGRAPHIC AREA CODE
Geographic area code f-tz---
050 00 - LIBRARY OF CONGRESS CALL NUMBER
Classification number HX448.5.A6A37
082 00 - DEWEY DECIMAL CLASSIFICATION NUMBER
Classification number 361.6/1/09678
Edition number 19
300 ## - PHYSICAL DESCRIPTION
Dimensions 21 cm.
100 ## - MAIN ENTRY--PERSONAL NAME
Personal name Andrew Coulson.
9 (RLIN) 26125
245 00 - TITLE STATEMENT
Title African socialism in practice :
Remainder of title the Tanzanian experience /
Statement of responsibility, etc edited by Andrew Coulson.
260 ## - PUBLICATION, DISTRIBUTION, ETC. (IMPRINT)
Place of publication, distribution, etc Nottingham :
Name of publisher, distributor, etc Spokesman,
Date of publication, distribution, etc 1979.
300 ## - PHYSICAL DESCRIPTION
Extent 239 p. ;
504 ## - BIBLIOGRAPHY, ETC. NOTE
Bibliography, etc Includes bibliographical references and index.
650 #0 - SUBJECT ADDED ENTRY--TOPICAL TERM
Topical term or geographic name as entry element Socialism
Geographic subdivision Tanzania.
9 (RLIN) 24832
650 #0 - SUBJECT ADDED ENTRY--TOPICAL TERM
Topical term or geographic name as entry element Rural development
Geographic subdivision Tanzania.
9 (RLIN) 5321
650 #0 - SUBJECT ADDED ENTRY--TOPICAL TERM
Topical term or geographic name as entry element Tanzania
General subdivision Economic policy.
9 (RLIN) 23235
700 1# - ADDED ENTRY--PERSONAL NAME
Personal name Coulson, Andrew.
9 (RLIN) 26126
906 ## - LOCAL DATA ELEMENT F, LDF (RLIN)
a 7
b cbc
c orignew
d 3
e ncip
f 19
g y-gencatlg
942 ## - ADDED ENTRY ELEMENTS (KOHA)
Source of classification or shelving scheme Library of Congress Classification
Koha item type Monograph ( Printed materials)
Holdings
Withdrawn status Lost status Source of classification or shelving scheme Damaged status Not for loan Collection code Home library Current library Shelving location Date acquired Total Checkouts Full call number Barcode Date last seen Date checked out Price effective from Koha item type
    Library of Congress Classification     Main Collection ARRUPE LIBRARY ARRUPE LIBRARY Main Collection 26/09/2016 5 HX448.5.A6A37 46500010068 13/03/2023 07/02/2023 26/09/2016 Monograph ( Printed materials)

 

Arrupe Library. PO Box MP320 Mt Pleasant, Harare, Zimbabwe
263 242 745411|librarian@aju.ac.zw